Statistiques concernant Mammifères par image n°2

Cliquez ici pour prendre le quiz!

Statistiques générales

  • Ce quiz a été pris 12 522 fois
  • Le résultat moyen est 12 sur 18

Statistiques - réponses

Réponse% Correct
Lion
100%
Âne
98%
Chauve-souris
97%
Girafe
97%
Hippopotame
97%
Hérisson
96%
Hyène
92%
Taupe
90%
Chimpanzé
83%
Ornithorynque
78%
Lémur
72%
Jaguar
71%
Gnou
53%
Chien de prairie
27%
Glouton
24%
Chèvre de montagne
18%
Tarsier
17%
Oryctérope du Cap
10%

Distribution des résultats

Percentile par nombre de réponses

% des personnes avec chaque résultat

Votre développement - résultats

Vous n’avez pas pris ce quiz